| 000 | 00634nam a2200181 i 4500 | ||
|---|---|---|---|
| 001 | 22517 | ||
| 003 | ES-MaACL | ||
| 005 | 20230906152718.0 | ||
| 007 | t| | ||
| 008 | 021203s1933 sp ||||1| spa d | ||
| 100 | 1 |
_aAlonso y García Sierra, Emilio. _920428 |
|
| 245 | 1 | 4 |
_aLas enfermedades evitables en el ejército _b: conferencia dada en el Centro del Ejército y de la Armada / _cpor Emilio Alonso y García Sierra. |
| 260 |
_aMadrid : _bJosé Vacas, _c1933. |
||
| 300 |
_a29 p. ; _c21 cm. |
||
| 650 | 0 | 4 |
_aSanidad militar. _916983 |
| 710 | 2 |
_aCentro del Ejército y de la Armada (Madrid) _9137469 |
|
| 852 |
_aES-MaACL _j1779-F-3 |
||
| 999 |
_c22517 _d22517 |
||